[Event "MMK 2013 - OPEN"]
[Site "ul.Reymonta 22 - Krakow"]
[Date "2013.08.08"]
[Round "1.28"]
[White "Lewczuk, Antoni"]
[Black "Kohtz, Andreas"]
[Result "0-1"]
[WhiteElo "1582"]
[BlackElo "2034"]
[PlyCount "48"]
[EventDate "2013.??.??"]

1. c4 Nf6 2. b3 g6 3. Bb2 Bg7 4. g3 O-O 5. Bg2 d5 6. cxd5 Nxd5 7. Bxg7 Kxg7 8.
d4 c6 9. e4 Nb4 10. Qd2 Qa5 11. a3 Nc2+ 12. Ke2 Qxd2+ 13. Kxd2 Nxa1 14. Kc3 Be6
15. d5 cxd5 16. exd5 Bf5 17. d6 Nc6 18. dxe7 Nxe7 19. Nd2 Rac8+ 20. Kb2 Rc2+
21. Kxa1 Rxd2 22. Bf3 Rc8 23. Ne2 Rcc2 24. Nc1 Rb2 0-1

[Event "MMK 2013 - OPEN"]
[Site "ul.Reymonta 22 - Krakow"]
[Date "2013.08.08"]
[Round "1.29"]
[White "Chmiel, Marcin"]
[Black "Berek, Michal"]
[Result "1-0"]
[WhiteElo "2028"]
[BlackElo "1580"]
[PlyCount "131"]
[EventDate "2013.??.??"]

1. Nf3 d5 2. d4 Nf6 3. c4 c6 4. Qc2 g6 5. Bf4 Bg7 6. e3 Qa5+ 7. Nbd2 Bf5 8. Bd3
Bxd3 9. Qxd3 O-O 10. O-O Nh5 11. Be5 Nd7 12. Bxg7 Kxg7 13. b4 Qa6 14. a4 Nhf6
15. b5 cxb5 16. axb5 Qd6 17. c5 Qc7 18. Ra4 e5 19. Nxe5 Nxe5 20. dxe5 Qxe5 21.
Rfa1 Qb8 22. Qc3 Re8 23. Nf3 a5 24. bxa6 bxa6 25. Rxa6 Rxa6 26. Rxa6 Qb1+ 27.
Ne1 d4 28. Ra1 dxc3 29. Rxb1 Ne4 30. Rc1 Nxc5 31. Rxc3 Ne4 32. Rc2 Rb8 33. f3
Nd6 34. e4 Rb4 35. Kf2 Nb5 36. Nd3 Ra4 37. Rb2 Nd6 38. Rb4 Ra2+ 39. Kg3 h5 40.
h4 Ra6 41. Rd4 Kf8 42. Nb4 Rb6 43. Kf4 Nb5 44. Rd8+ Kg7 45. Rd7 Nc3 46. Nd5
Nxd5+ 47. Rxd5 Kf6 48. e5+ Ke6 49. Rd4 f6 50. exf6 Kxf6 51. g3 Ra6 52. Rb4 Rc6
53. g4 hxg4 54. fxg4 Rc1 55. Rb6+ Kg7 56. Rb7+ Kf6 57. g5+ Ke6 58. Rg7 Rf1+ 59.
Kg4 Rg1+ 60. Kf3 Kf5 61. Rf7+ Ke6 62. Rf6+ Ke5 63. Rxg6 Rh1 64. Kg4 Rg1+ 65.
Kh5 Kf5 66. Rf6+ 1-0

[Event "MMK 2013 - OPEN"]
[Site "ul.Reymonta 22 - Krakow"]
[Date "2013.08.08"]
[Round "1.30"]
[White "Kasperek, Kinga"]
[Black "Wozniak, Mariola"]
[Result "0-1"]
[WhiteElo "1567"]
[BlackElo "2028"]
[PlyCount "84"]
[EventDate "2013.??.??"]

1. d4 d5 2. Nf3 Nf6 3. c4 dxc4 4. e3 a6 5. Bxc4 e6 6. O-O b5 7. Bb3 Bb7 8. Nc3
c5 9. dxc5 Bxc5 10. Qxd8+ Kxd8 11. Rd1+ Ke7 12. Bc2 Nbd7 13. a3 Rac8 14. Bd2
Nb6 15. e4 Nc4 16. Bg5 Nxb2 17. Rdb1 Nc4 18. a4 Na3 19. Rxa3 Bxa3 20. Rb3 b4
21. Nb1 Rxc2 22. Nxa3 bxa3 23. Rxb7+ Kd6 24. Bf4+ e5 25. Bxe5+ Ke6 26. Rb6+ Kd7
27. Rb7+ Kd8 28. g3 Re8 29. Rb8+ Rc8 30. Rb1 a2 31. Ra1 Rc2 32. Ne1 Re2 33.
Rd1+ Kc8 34. Rc1+ Kd7 35. Nd3 Rc8 36. Rd1 Ke7 37. Nb4 Nxe4 38. Ra1 f6 39. Bd4
Rc4 40. Nd5+ Kd6 41. Nf4 Rec2 42. Be3 Rb4 0-1

[Event "MMK 2013 - OPEN"]
[Site "ul.Reymonta 22 - Krakow"]
[Date "2013.08.09"]
[Round "2.1"]
[White "Wozniak, Mariola"]
[Black "Buscara, Sevan"]
[Result "1/2-1/2"]
[WhiteElo "2028"]
[BlackElo "2330"]
[PlyCount "95"]
[EventDate "2013.??.??"]

1. e4 d5 2. exd5 Qxd5 3. Nc3 Qa5 4. d4 Nf6 5. Nf3 Bf5 6. Ne5 c6 7. Bd3 Bxd3 8.
Qxd3 e6 9. Nc4 Qc7 10. Qf3 Nd5 11. Ne4 Be7 12. O-O Nd7 13. Bg5 f5 14. Bxe7 fxe4
15. Qg4 Nxe7 16. Qxe6 Kd8 17. Nd6 Rf8 18. Nf7+ Rxf7 19. Qxf7 Qd6 20. Qxg7 Qg6
21. Qxg6 Nxg6 22. Rae1 Nf6 23. f3 exf3 24. Rxf3 Nd7 25. Rf7 Ngf8 26. g4 a5 27.
h4 a4 28. Kg2 Ra5 29. c4 c5 30. d5 Ra6 31. h5 Rb6 32. Re2 h6 33. Kg3 Rd6 34.
Kh4 b5 35. b3 bxc4 36. bxc4 Rb6 37. g5 hxg5+ 38. Kxg5 Rb1 39. Kh6 Rh1 40. Rg2
Ke8 41. Rgg7 Rh2 42. d6 Rxa2 43. Re7+ Kd8 44. Rxd7+ Nxd7 45. Rg8+ Nf8 46. Rxf8+
Kd7 47. Ra8 Kxd6 48. Kg7 1/2-1/2

[Event "MMK 2013 - OPEN"]
[Site "ul.Reymonta 22 - Krakow"]
[Date "2013.08.09"]
[Round "2.2"]
[White "Skomial, Mateusz"]
[Black "Barski, Radoslaw"]
[Result "0-1"]
[WhiteElo "2014"]
[BlackElo "2268"]
[PlyCount "112"]
[EventDate "2013.??.??"]

1. e4 c5 2. Nf3 d6 3. c4 e5 4. Be2 g6 5. d3 Bg7 6. Nc3 Ne7 7. O-O O-O 8. a3 f5
9. b4 f4 10. Rb1 Nbc6 11. Nd5 h5 12. Bd2 Rb8 13. Bc3 Nd4 14. Nxd4 exd4 15. Bd2
Be5 16. Kh1 Kg7 17. Qc1 Nxd5 18. cxd5 b6 19. Rg1 Qh4 20. f3 Bd7 21. b5 Kh7 22.
Qe1 Qxe1 23. Rgxe1 Ra8 24. a4 a6 25. Kg1 axb5 26. axb5 Ra2 27. Red1 Rfa8 28.
Kf2 Rc2 29. Ke1 Raa2 30. Bf1 Rcb2 31. Rxb2 Rxb2 32. Ra1 Kh6 33. Bc1 Rxb5 34.
Ra7 Be8 35. Re7 Rb1 36. Kd2 Ba4 37. Be2 Ra1 38. Bd1 Ra2+ 39. Ke1 b5 40. Bxa4
Rxa4 41. g3 Ra1 42. Kd1 g5 43. Kc2 Kg6 44. gxf4 gxf4 45. h4 Ra2+ 46. Bb2 c4 47.
Kb1 Ra5 48. Kc2 b4 49. dxc4 d3+ 50. Kxd3 Bxb2 51. Re6+ Kf7 52. Rxd6 Ra3+ 53.
Kc2 Bd4 54. Rh6 b3+ 55. Kd2 b2 56. Rh7+ Bg7 0-1

[Event "MMK 2013 - OPEN"]
[Site "ul.Reymonta 22 - Krakow"]
[Date "2013.08.09"]
[Round "2.3"]
[White "Jakubiec, Edyta"]
[Black "Sanetra, Szymon"]
[Result "1-0"]
[WhiteElo "2216"]
[BlackElo "2010"]
[PlyCount "67"]
[EventDate "2013.??.??"]

1. e4 c6 2. d4 d5 3. Nc3 dxe4 4. Nxe4 Bf5 5. Ng3 Bg6 6. Nh3 e5 7. dxe5 Qa5+ 8.
c3 Qxe5+ 9. Be2 Nf6 10. f4 Qc5 11. b4 Qxc3+ 12. Bd2 Qd4 13. f5 Ne4 14. Nxe4
Bxf5 15. Nef2 Bxh3 16. Nxh3 Bxb4 17. Bxb4 Qxb4+ 18. Qd2 Qxd2+ 19. Kxd2 Nd7 20.
Rhf1 Ne5 21. Ng5 h6 22. Ne4 O-O-O+ 23. Kc3 Rd5 24. Rad1 Rhd8 25. Rxd5 Rxd5 26.
Bd1 Kc7 27. Bb3 Rd3+ 28. Kc2 Rd4 29. Nc5 b6 30. Rxf7+ Nxf7 31. Ne6+ Kd7 32.
Nxd4 Nd6 33. Be6+ Kc7 34. Bg4 1-0

[Event "MMK 2013 - OPEN"]
[Site "ul.Reymonta 22 - Krakow"]
[Date "2013.08.09"]
[Round "2.4"]
[White "Shilov, Sergej"]
[Black "Corti, Massimo"]
[Result "1-0"]
[WhiteElo "2206"]
[BlackElo "2008"]
[PlyCount "55"]
[EventDate "2013.??.??"]

1. c4 Nf6 2. Nc3 c5 3. Nf3 Nc6 4. d4 cxd4 5. Nxd4 g6 6. e4 d6 7. Be2 Bg7 8. Be3
Nd7 9. Qd2 Nxd4 10. Bxd4 Bxd4 11. Qxd4 O-O 12. O-O-O Ne5 13. c5 Nc6 14. Qe3 Qa5
15. cxd6 exd6 16. Rxd6 Be6 17. Kb1 Rfe8 18. h4 Ne7 19. Qg5 Qb4 20. Rhd1 Rac8
21. R1d4 Qc5 22. Qxc5 Rxc5 23. Rd8 Rc8 24. Rxe8+ Rxe8 25. Nb5 Nc6 26. Rd1 Re7
27. f4 a6 28. Nd6 1-0

[Event "MMK 2013 - OPEN"]
[Site "ul.Reymonta 22 - Krakow"]
[Date "2013.08.09"]
[Round "2.5"]
[White "Karaoulanis, Dimitrios"]
[Black "Gbyl, Andrzej"]
[Result "0-1"]
[WhiteElo "2012"]
[BlackElo "2198"]
[PlyCount "82"]
[EventDate "2013.??.??"]

1. e4 c6 2. d4 d5 3. exd5 cxd5 4. c4 Nf6 5. Nc3 Nc6 6. Bg5 dxc4 7. d5 Ne5 8.
Qd4 Nd3+ 9. Bxd3 cxd3 10. Qxd3 g6 11. Bxf6 exf6 12. Nf3 Bg7 13. Qe4+ Qe7 14.
Qxe7+ Kxe7 15. O-O Bg4 16. Rfe1+ Kd7 17. Nd4 f5 18. Nde2 Bxe2 19. Rxe2 Rhe8 20.
Kf1 Rac8 21. Rc1 Rxe2 22. Kxe2 b5 23. a3 Bxc3 24. bxc3 Kd6 25. a4 Kxd5 26. axb5
Kc4 27. Rb1 Rb8 28. Ra1 Rb7 29. Kd2 Kxb5 30. Kc2 Re7 31. Kd3 Rd7+ 32. Kc2 a5
33. Ra2 Ra7 34. Kd3 a4 35. c4+ Kc5 36. Kc3 a3 37. Kb3 f4 38. Kc3 g5 39. Kb3 g4
40. Kc3 h5 41. h3 f3 0-1

[Event "MMK 2013 - OPEN"]
[Site "ul.Reymonta 22 - Krakow"]
[Date "2013.08.09"]
[Round "2.6"]
[White "Mucha, Roman"]
[Black "Forlano, Luigi"]
[Result "1-0"]
[WhiteElo "2190"]
[BlackElo "1975"]
[PlyCount "75"]
[EventDate "2013.??.??"]

1. d4 d5 2. Nf3 c6 3. c4 Nf6 4. e3 a6 5. b3 Bf5 6. Nbd2 h6 7. Bb2 e6 8. Be2
Nbd7 9. O-O Be7 10. c5 O-O 11. b4 Ne4 12. Nb3 Bh7 13. Ne1 Qc7 14. Nd3 Kh8 15.
a3 Rg8 16. f3 Nef6 17. Bc3 Rge8 18. Be1 Nf8 19. a4 Ra7 20. Bg3 Qd8 21. Qd2 Nh5
22. Bf2 Bh4 23. g3 Be7 24. g4 Nf6 25. Bg3 N6d7 26. h3 h5 27. b5 axb5 28. axb5
Rxa1 29. Rxa1 hxg4 30. hxg4 f5 31. bxc6 bxc6 32. Na5 Qa8 33. gxf5 Bxf5 34. Nb4
Nb8 35. Qc3 Bg5 36. Naxc6 Qb7 37. Ra7 Qc8 38. Rc7 1-0

[Event "MMK 2013 - OPEN"]
[Site "ul.Reymonta 22 - Krakow"]
[Date "2013.08.09"]
[Round "2.7"]
[White "Mariano, Elia"]
[Black "Gawle, Ireneusz"]
[Result "1/2-1/2"]
[WhiteElo "2177"]
[BlackElo "1925"]
[PlyCount "87"]
[EventDate "2013.??.??"]

1. d4 Nf6 2. Nf3 g6 3. Bf4 Bg7 4. e3 c5 5. c3 cxd4 6. exd4 d5 7. Bd3 Nc6 8. h3
O-O 9. Nbd2 Re8 10. O-O Nh5 11. Bh2 Bh6 12. Re1 Nf4 13. Bf1 f6 14. c4 Kg7 15.
Qb3 Qa5 16. Rad1 Bd7 17. Bxf4 Bxf4 18. cxd5 Nxd4 19. Nxd4 Bxd2 20. Re4 f5 21.
Ne6+ Bxe6 22. Rxe6 Bg5 23. d6 exd6 24. Qxb7+ Kh6 25. Rdxd6 Rxe6 26. Rxe6 Rd8
27. Ra6 Qd5 28. Rxa7 Qxb7 29. Rxb7 Rd2 30. a4 Bf6 31. f4 Bd4+ 32. Kh2 Rxb2 33.
Rxb2 Bxb2 34. g3 Bc3 35. Kg2 Kg7 36. Kf3 h5 37. Bb5 Kf6 38. Be8 Be1 39. Bd7 Ba5
40. Ke2 Bb4 41. Kd3 Be1 42. g4 hxg4 43. hxg4 fxg4 44. Bxg4 1/2-1/2

[Event "MMK 2013 - OPEN"]
[Site "ul.Reymonta 22 - Krakow"]
[Date "2013.08.09"]
[Round "2.8"]
[White "Jedras, Piotr"]
[Black "Lach, Piotr"]
[Result "0-1"]
[WhiteElo "2008"]
[BlackElo "2166"]
[PlyCount "106"]
[EventDate "2013.??.??"]

1. e4 c5 2. Nf3 d6 3. d4 cxd4 4. Nxd4 Nf6 5. Nc3 a6 6. f4 Qc7 7. Bd3 Bg4 8. Nf3
Nc6 9. h3 Bxf3 10. Qxf3 e6 11. O-O Be7 12. Be3 O-O-O 13. Na4 Nd7 14. b4 Nxb4
15. Rab1 Qa5 16. Bd2 Qxa4 17. Rxb4 Qc6 18. Rfb1 Nc5 19. Rb6 Qa4 20. Bb4 Nd7 21.
Rxb7 Kxb7 22. Bxd6+ Nb6 23. e5+ Ka7 24. Bxe7 Qd4+ 25. Kh1 Rd7 26. Bh4 Qd5 27.
Bf2 Rb7 28. Be4 Qxa2 29. Rd1 Rhb8 30. Bxb7 Rxb7 31. Qc6 Qb2 32. Rd3 Qb5 33. Qe4
a5 34. Rb3 Qd5 35. Qxd5 exd5 36. f5 Ka6 37. e6 fxe6 38. fxe6 Nc8 39. Bc5 Rc7
40. e7 Rxe7 41. Bxe7 Nxe7 42. Kg1 a4 43. Rb1 Ka5 44. Kf2 a3 45. Ke3 Ka4 46. Kd4
a2 47. Re1 Kb4 48. Kd3 Nc6 49. g4 Ka3 50. c4 Nb4+ 51. Kc3 d4+ 52. Kd2 Kb2 53.
c5 a1=Q 0-1

[Event "MMK 2013 - OPEN"]
[Site "ul.Reymonta 22 - Krakow"]
[Date "2013.08.09"]
[Round "2.9"]
[White "Lach, Aleksandra"]
[Black "Lopuszanski, Kamil"]
[Result "1-0"]
[WhiteElo "2161"]
[BlackElo "1879"]
[PlyCount "103"]
[EventDate "2013.??.??"]

1. e4 e5 2. Nf3 Nc6 3. Bb5 a6 4. Ba4 Nf6 5. O-O Be7 6. Re1 b5 7. Bb3 d6 8. c3
O-O 9. d4 Bg4 10. Be3 exd4 11. cxd4 Na5 12. Bc2 Nc4 13. Bc1 c5 14. b3 Na5 15.
Nbd2 Nc6 16. h3 Bh5 17. g4 Bg6 18. Bb2 Nd7 19. d5 Nb4 20. a3 Nxc2 21. Qxc2 Bf6
22. Nf1 Re8 23. Ng3 Rc8 24. Nd2 c4 25. bxc4 Nb6 26. Bxf6 Qxf6 27. Rac1 Nxc4 28.
Nxc4 Rxc4 29. Qd3 Rec8 30. Qe3 h6 31. Rxc4 Rxc4 32. Qb6 Ra4 33. Nf5 Rxa3 34.
Qxd6 Qxd6 35. Nxd6 b4 36. Rb1 a5 37. f4 f6 38. Kf2 Rxh3 39. f5 Bf7 40. Nc4 Rh2+
41. Ke3 Ra2 42. Kd4 Kf8 43. Kc5 Ke7 44. Kb6 Re2 45. Nxa5 Rxe4 46. Rd1 Kd7 47.
Kc5 Rxg4 48. Nc4 b3 49. Ra1 Bh5 50. Ra7+ Kd8 51. d6 b2 52. Ra8+ 1-0

[Event "MMK 2013 - OPEN"]
[Site "ul.Reymonta 22 - Krakow"]
[Date "2013.08.09"]
[Round "2.10"]
[White "Kyc, Jerzy"]
[Black "Xylogiannopoulos, Antonios"]
[Result "0-1"]
[WhiteElo "1951"]
[BlackElo "2146"]
[PlyCount "74"]
[EventDate "2013.??.??"]

1. e4 e5 2. Nf3 Nc6 3. Bb5 a6 4. Ba4 Nge7 5. O-O g6 6. c3 Bg7 7. d4 exd4 8.
cxd4 b5 9. Bb3 O-O 10. Bg5 h6 11. Be3 Na5 12. Bc2 Nc4 13. Bf4 g5 14. Bc1 c5 15.
b3 Na5 16. Bb2 d6 17. h3 Nac6 18. Bc3 b4 19. Bb2 g4 20. hxg4 Bxg4 21. e5 cxd4
22. exd6 Qxd6 23. Re1 Rad8 24. Nbd2 d3 25. Nc4 Qg6 26. Bb1 Bxb2 27. Nxb2 Qg7
28. Re4 f5 29. Re6 Qxb2 30. Bxd3 Rxd3 31. Qxd3 Qxa1+ 32. Kh2 Qc3 33. Qd6 Bxf3
34. gxf3 Rd8 35. Qc7 Qxf3 36. Rxe7 Qxf2+ 37. Kh3 Rd3+ 0-1

[Event "MMK 2013 - OPEN"]
[Site "ul.Reymonta 22 - Krakow"]
[Date "2013.08.09"]
[Round "2.11"]
[White "Kumor, Lukasz"]
[Black "Mirski, Michal"]
[Result "1-0"]
[WhiteElo "2131"]
[BlackElo "1864"]
[PlyCount "47"]
[EventDate "2013.??.??"]

1. e4 Nf6 2. e5 Nd5 3. d4 d6 4. Nf3 Bg4 5. Be2 Nc6 6. O-O dxe5 7. Nxe5 Nxe5 8.
dxe5 Bf5 9. c4 Nb6 10. Qb3 Qc8 11. Nc3 c6 12. Be3 Nd7 13. g4 Be6 14. f4 b5 15.
f5 Bxc4 16. Bxc4 bxc4 17. Qxc4 Nxe5 18. Qe4 Nd7 19. Rac1 Qa6 20. Rfd1 Nf6 21.
Qf3 e5 22. fxe6 fxe6 23. Ne4 Be7 24. Rxc6 1-0

[Event "MMK 2013 - OPEN"]
[Site "ul.Reymonta 22 - Krakow"]
[Date "2013.08.09"]
[Round "2.12"]
[White "Ruffenach, Alain"]
[Black "Janus, Przemyslaw"]
[Result "0-1"]
[WhiteElo "1934"]
[BlackElo "2121"]
[PlyCount "120"]
[EventDate "2013.??.??"]

1. d4 d5 2. Nf3 Nf6 3. e3 Bg4 4. h3 Bh5 5. c4 e6 6. cxd5 exd5 7. Be2 Bd6 8. Qb3
Qc8 9. Nc3 c6 10. O-O O-O 11. Re1 Re8 12. Bd2 Nbd7 13. Rac1 Nb6 14. a4 Nc4 15.
Bxc4 Bxf3 16. Be2 Bxe2 17. Rxe2 Qd7 18. Rce1 Ne4 19. Nxe4 Rxe4 20. a5 a6 21. f3
Re7 22. Bb4 Rae8 23. Qa3 Bxb4 24. Qxb4 f5 25. Qc3 Qd6 26. b4 h5 27. Qc5 Qg3 28.
b5 axb5 29. a6 Qc7 30. axb7 Qxb7 31. e4 fxe4 32. fxe4 dxe4 33. Qxh5 Qd7 34. Qc5
Qd5 35. Qxd5+ cxd5 36. Rc1 Rb8 37. Rc5 Rd7 38. Kf2 b4 39. Ke3 Kf7 40. Rb2 Ke6
41. Rc6+ Rd6 42. Rc7 g6 43. Kf4 b3 44. Rc3 Rdb6 45. Kg5 Kd7 46. g4 Rb4 47. Kxg6
Rxd4 48. Rcxb3 Rxb3 49. Rxb3 Rd3 50. Rb7+ Kc6 51. Rh7 e3 52. Re7 d4 53. Kf5 Kd6
54. Re6+ Kd7 55. g5 Rd2 56. Re4 Kd6 57. g6 Rf2+ 58. Kg5 Kd5 59. Re8 e2 60. g7
Rg2+ 0-1

[Event "MMK 2013 - OPEN"]
[Site "ul.Reymonta 22 - Krakow"]
[Date "2013.08.09"]
[Round "2.13"]
[White "Carre, Sylvain"]
[Black "Krajewski, Tomasz"]
[Result "0-1"]
[WhiteElo "2120"]
[BlackElo "1858"]
[PlyCount "82"]
[EventDate "2013.??.??"]

1. d4 Nf6 2. Bf4 c5 3. e3 e6 4. c3 d5 5. Nd2 Nc6 6. Ngf3 Bd6 7. Bg3 cxd4 8.
exd4 Bxg3 9. hxg3 Bd7 10. Bd3 Qb6 11. Qb3 Qc7 12. Rh4 h5 13. Kf1 O-O-O 14. Re1
Ng4 15. Ng5 Rdf8 16. Qa3 g6 17. Ndf3 Kb8 18. Kg1 e5 19. dxe5 Ncxe5 20. Nxe5
Nxe5 21. Rd4 f6 22. Nf3 Bc6 23. Bf1 Re8 24. Rdd1 Nxf3+ 25. gxf3 h4 26. Rxe8+
Rxe8 27. Kg2 hxg3 28. fxg3 Qe5 29. Qc5 g5 30. Qd4 Qe6 31. Kf2 f5 32. Qd2 f4 33.
gxf4 g4 34. Bg2 d4 35. Qxd4 gxf3 36. Bf1 Qg4 37. Qd6+ Kc8 38. Qh6 Re2+ 39. Bxe2
Qg2+ 40. Ke3 Qxe2+ 41. Kd4 Qxd1+ 0-1

[Event "MMK 2013 - OPEN"]
[Site "ul.Reymonta 22 - Krakow"]
[Date "2013.08.09"]
[Round "2.14"]
[White "Gumularz, Szymon"]
[Black "Watorek, Marcin"]
[Result "1/2-1/2"]
[WhiteElo "1920"]
[BlackElo "2116"]
[PlyCount "66"]
[EventDate "2013.??.??"]

1. e4 c5 2. Nf3 e6 3. d4 cxd4 4. Nxd4 a6 5. Bd3 Bc5 6. Nb3 Be7 7. Qg4 g6 8. Qe2
d6 9. O-O Qc7 10. a4 b6 11. a5 b5 12. Be3 Nd7 13. N1d2 Bb7 14. c4 b4 15. Ra4 h5
16. Rxb4 Ngf6 17. f3 d5 18. Ra4 dxe4 19. Nxe4 Nxe4 20. fxe4 Bd6 21. h3 O-O 22.
Rc1 Bc6 23. Raa1 Qb7 24. Qc2 Ne5 25. Bf1 Bxe4 26. Qc3 Nd7 27. c5 Rfc8 28. Rd1
Bd5 29. Bc4 Bxc4 30. Qxc4 Be5 31. Rac1 Rc6 32. Rc2 Rb8 33. Nd2 Qc7 1/2-1/2

[Event "MMK 2013 - OPEN"]
[Site "ul.Reymonta 22 - Krakow"]
[Date "2013.08.09"]
[Round "2.15"]
[White "Magan Gonzalez, Alberto"]
[Black "Gosciniak, Maria"]
[Result "1-0"]
[WhiteElo "1861"]
[BlackElo "2098"]
[PlyCount "109"]
[EventDate "2013.??.??"]

1. e4 Nf6 2. e5 Nd5 3. d4 d6 4. c4 Nb6 5. Nf3 Bg4 6. exd6 exd6 7. Be3 Be7 8.
Nc3 O-O 9. h3 Bh5 10. Qd2 Nc6 11. g4 Bg6 12. h4 d5 13. c5 Nc4 14. Bxc4 dxc4 15.
h5 Bd3 16. O-O-O Bf6 17. Ne1 Nxd4 18. Nxd3 cxd3 19. Qxd3 Ne6 20. Qc4 Qe8 21.
Ne4 Be5 22. g5 Qc6 23. g6 b5 24. gxh7+ Kh8 25. Qc2 Rad8 26. h6 Nd4 27. hxg7+
Bxg7 28. Bxd4 Rxd4 29. Rxd4 Bxd4 30. Rd1 Bg7 31. Qd3 Qe6 32. Qd5 Qg4 33. Ng3
Qf4+ 34. Qd2 Qc4+ 35. Kb1 Qxc5 36. Qc2 Qxc2+ 37. Kxc2 Kxh7 38. Rd7 Be5 39. Rd5
f6 40. Rxb5 a6 41. Ra5 Rb8 42. b3 Rb6 43. Ne4 Kg6 44. Kd3 Bh2 45. Rd5 Rb5 46.
Rxb5 axb5 47. a4 bxa4 48. bxa4 c6 49. a5 Bc7 50. a6 Bb6 51. f3 c5 52. Nd6 Kg5
53. Nc8 c4+ 54. Kxc4 Bg1 55. Nd6 1-0

[Event "MMK 2013 - OPEN"]
[Site "ul.Reymonta 22 - Krakow"]
[Date "2013.08.09"]
[Round "2.16"]
[White "Czernicki, Bogdan"]
[Black "Matviishen, Viktor"]
[Result "0-1"]
[WhiteElo "1851"]
[BlackElo "2070"]
[PlyCount "128"]
[EventDate "2013.??.??"]

1. d4 d5 2. Nf3 Nf6 3. Bf4 Bf5 4. Nbd2 e6 5. e3 Be7 6. h3 O-O 7. Be2 h6 8. O-O
c5 9. c3 Nc6 10. Ne5 cxd4 11. exd4 Nxe5 12. Bxe5 Nd7 13. Bh2 a6 14. Re1 b5 15.
a3 Nb6 16. Bf1 Rc8 17. Qe2 Nc4 18. Nf3 a5 19. Rec1 Qb6 20. Ne5 Nxe5 21. Bxe5
Bg5 22. Rd1 b4 23. axb4 axb4 24. Ra6 Qb7 25. g4 Be4 26. Bd6 Be7 27. Bxe7 Qxe7
28. f3 Bg6 29. Qe3 bxc3 30. bxc3 Qc7 31. Ra3 Rb8 32. Kg2 Qd6 33. Ra2 Rfc8 34.
Rc1 Rb3 35. Qd2 e5 36. Be2 Rcb8 37. Bd1 R3b7 38. h4 e4 39. h5 exf3+ 40. Bxf3
Bb1 41. Rxb1 Rxb1 42. Rc2 Ra1 43. Rc1 Rxc1 44. Qxc1 Qe6 45. Qd2 Rb1 46. Kf2 Qd6
47. Kg2 Qa3 48. Qe3 Rb2+ 49. Kg3 Qd6+ 50. Qe5 Qxe5+ 51. dxe5 Rc2 52. Bxd5 Rxc3+
53. Kf4 Kf8 54. Ke4 Ke7 55. Kf5 Rc5 56. Ke4 f6 57. exf6+ Kxf6 58. Bb3 Rb5 59.
Bg8 Rb4+ 60. Kf3 Kg5 61. Be6 Rf4+ 62. Kg3 Re4 63. Bf5 Re3+ 64. Kg2 Kf4 0-1

[Event "MMK 2013 - OPEN"]
[Site "ul.Reymonta 22 - Krakow"]
[Date "2013.08.09"]
[Round "2.17"]
[White "Kyrychenko, Mykola"]
[Black "Slabek, Grzegorz"]
[Result "0-1"]
[WhiteElo "1850"]
[BlackElo "2056"]
[PlyCount "74"]
[EventDate "2013.??.??"]

1. e4 d5 2. exd5 Nf6 3. d4 Nxd5 4. Nf3 Bf5 5. Be2 e6 6. O-O Be7 7. c3 O-O 8.
Re1 c5 9. Nbd2 Nc6 10. Nf1 cxd4 11. Nxd4 Nxd4 12. Qxd4 Bf6 13. Qd1 Qb6 14. Bd3
Nxc3 15. bxc3 Rfd8 16. Be3 Qa5 17. Bd4 Bxd4 18. cxd4 Rxd4 19. Qh5 Rxd3 20. g4
g6 21. Qg5 h6 22. Qxh6 Bxg4 23. Ng3 Bf3 24. Rxe6 Qc3 25. Ree1 Rad8 26. Qg5 Qc8
27. Ne4 Qh3 28. Nf6+ Kf8 29. Qc5+ Kg7 30. Qg5 Bc6 31. Rac1 Qf3 32. Rxc6 bxc6
33. Ng4 Rd1 34. Qe5+ Kh7 35. Nf6+ Kh6 36. Ng8+ Rxg8 37. Rxd1 Qxd1+ 0-1

[Event "MMK 2013 - OPEN"]
[Site "ul.Reymonta 22 - Krakow"]
[Date "2013.08.09"]
[Round "2.18"]
[White "Marczuk, Dominik"]
[Black "Cetta, Andrea"]
[Result "1-0"]
[WhiteElo "2049"]
[BlackElo "1847"]
[PlyCount "81"]
[EventDate "2013.??.??"]

1. e4 Nf6 2. e5 Nd5 3. d4 d6 4. Nf3 dxe5 5. Nxe5 g6 6. g3 Bg7 7. Bg2 c6 8. O-O
O-O 9. Nd2 Be6 10. Ndf3 Nd7 11. c4 Nxe5 12. Nxe5 Nc7 13. b3 f6 14. Nf3 Qd7 15.
Re1 Rad8 16. Ba3 Rfe8 17. Qc2 Bf7 18. h4 Ne6 19. Rad1 Qc7 20. Bh3 f5 21. Bb2
Rd7 22. Re3 Red8 23. Qe2 Nxd4 24. Rxd4 Bxd4 25. Bxd4 Rxd4 26. Nxd4 Rxd4 27.
Rxe7 Rd7 28. Rxd7 Qxd7 29. Qe5 b5 30. h5 Qd1+ 31. Bf1 Qxh5 32. Qb8+ Kg7 33.
Qxa7 f4 34. Qb8 Qf3 35. Qe5+ Kg8 36. Qxf4 Qd1 37. Qb8+ Kg7 38. Qe5+ Kg8 39. Qe2
Qa1 40. Kh2 Kg7 41. Bg2 1-0

[Event "MMK 2013 - OPEN"]
[Site "ul.Reymonta 22 - Krakow"]
[Date "2013.08.09"]
[Round "2.19"]
[White "Sumin, Vladyslav"]
[Black "Madej, Roman"]
[Result "0-1"]
[WhiteElo "2037"]
[BlackElo "1637"]
[PlyCount "158"]
[EventDate "2013.??.??"]

1. d4 d5 2. c4 c6 3. Nc3 Nf6 4. Nf3 e6 5. Bg5 Nbd7 6. e3 Be7 7. Bd3 O-O 8. O-O
dxc4 9. Bxc4 Nd5 10. Bxe7 Qxe7 11. e4 N5b6 12. Bd3 e5 13. Qe2 exd4 14. Nxd4 Ne5
15. Bc2 Bg4 16. f3 Qc5 17. Qf2 Rad8 18. Rad1 Be6 19. Nxe6 Qxf2+ 20. Kxf2 fxe6
21. b3 Nbd7 22. Ke3 a5 23. Rf2 Kf7 24. h3 g5 25. g3 Ke7 26. f4 Nf7 27. e5 h5
28. h4 Nh6 29. Rfd2 Ng4+ 30. Ke4 Nc5+ 31. Kf3 Nxe5+ 32. Ke3 gxf4+ 33. gxf4 Ng4+
34. Kf3 Rxd2 35. Rxd2 e5 36. f5 Nh6 37. Re2 Nd7 38. Rg2 Nxf5 39. Bxf5 Rxf5+ 40.
Ke3 Rf4 41. Rg7+ Kd8 42. Ne4 Rxh4 43. Nd6 Nc5 44. Nxb7+ Nxb7 45. Rxb7 Rh2 46.
a4 Rh3+ 47. Ke4 Kc8 48. Ra7 Rxb3 49. Rxa5 Rb4+ 50. Kxe5 Kb7 51. Kd6 Rd4+ 52.
Ke6 h4 53. Rh5 Rxa4 54. Rh7+ Kb6 55. Kd6 Rd4+ 56. Ke5 Kc5 57. Rh6 Ra4 58. Ke6
Kb5 59. Kd6 c5 60. Rh8 Rd4+ 61. Ke5 Kc4 62. Rh7 Kc3 63. Ra7 Rd3 64. Ra3+ Kd2
65. Ra2+ Ke3 66. Rc2 h3 67. Rh2 c4 68. Rxh3+ Kd2 69. Rh2+ Kc1 70. Ke4 Rd8 71.
Rh1+ Kb2 72. Rh2+ Kb3 73. Ke3 c3 74. Rh7 Rb8 75. Rc7 c2 76. Kd2 Rd8+ 77. Ke2
Rd1 78. Rb7+ Ka4 79. Ra7+ Kb5 0-1

[Event "MMK 2013 - OPEN"]
[Site "ul.Reymonta 22 - Krakow"]
[Date "2013.08.09"]
[Round "2.20"]
[White "Uscinski, Marek"]
[Black "Mihopoulos, Konstantinos"]
[Result "0-1"]
[WhiteElo "1847"]
[BlackElo "2036"]
[PlyCount "88"]
[EventDate "2013.??.??"]

1. d4 Nf6 2. Bg5 e6 3. e3 h6 4. Bh4 Be7 5. Bd3 b6 6. Ne2 Bb7 7. O-O O-O 8. Nd2
c5 9. dxc5 bxc5 10. c3 d5 11. Rc1 Nbd7 12. Bb1 Ne4 13. Bxe7 Qxe7 14. Nxe4 dxe4
15. Qa4 f5 16. b4 Nb6 17. Qa5 c4 18. Qe5 g5 19. Nd4 Bd5 20. f3 Nd7 21. Qg3 e5
22. Ne2 f4 23. Qh3 exf3 24. gxf3 Qg7 25. Bf5 Nb6 26. exf4 exf4 27. Nd4 Rae8 28.
Rfe1 Qf6 29. Kf2 Na4 30. Be6+ Bxe6 31. Rxe6 Rxe6 32. Qxe6+ Qxe6 33. Nxe6 Re8
34. Nd4 Re3 35. Nb5 a6 36. Nc7 Nb2 37. Rc2 Nd3+ 38. Kf1 Re1+ 39. Kg2 Re7 40.
Nd5 Re5 41. Nf6+ Kg7 42. Ng4 Re6 43. Rd2 h5 44. Nf2 Ne1+ 0-1

[Event "MMK 2013 - OPEN"]
[Site "ul.Reymonta 22 - Krakow"]
[Date "2013.08.09"]
[Round "2.21"]
[White "Kohtz, Andreas"]
[Black "Czarkowski, Tomasz"]
[Result "1/2-1/2"]
[WhiteElo "2034"]
[BlackElo "1620"]
[PlyCount "117"]
[EventDate "2013.??.??"]

1. d4 d5 2. Nf3 Nf6 3. Bf4 Bf5 4. e3 a6 5. a4 e6 6. Nbd2 Nbd7 7. Be2 Be7 8. h3
h6 9. O-O O-O 10. c3 Ne4 11. Nxe4 Bxe4 12. Re1 Nf6 13. Nd2 Bf5 14. Bf3 Bd6 15.
Bxd6 Qxd6 16. Qe2 Rfe8 17. e4 dxe4 18. Nxe4 Nxe4 19. Bxe4 Bxe4 20. Qxe4 c6 21.
Re3 Re7 22. Rae1 Rae8 23. b4 f6 24. f4 Kf7 25. Rg3 f5 26. Qf3 g6 27. Qf1 Qd5
28. Re5 Qd7 29. Rge3 b5 30. Rc5 Rd8 31. Qf3 Rc8 32. Re2 Qc7 33. g3 Rd7 34. Qe3
Rd6 35. axb5 axb5 36. Ra2 Rd5 37. Kg2 Rxc5 38. bxc5 Qb7 39. g4 Ra8 40. Re2 Qd7
41. Qe5 fxg4 42. hxg4 Ra3 43. g5 hxg5 44. fxg5 Qd5+ 45. Qxd5 exd5 46. Rf2+ Kg7
47. Rf3 Rb3 48. Kg3 b4 49. cxb4 Rxb4 50. Rf4 Rb3+ 51. Kf2 Rb7 52. Ke3 Rf7 53.
Kf3 Rxf4+ 54. Kxf4 Kf7 55. Ke5 Ke7 56. Kf4 Ke6 57. Kg4 Kd7 58. Kf4 Ke6 59. Kg4
1/2-1/2

[Event "MMK 2013 - OPEN"]
[Site "ul.Reymonta 22 - Krakow"]
[Date "2013.08.09"]
[Round "2.22"]
[White "Ochowicz, Jakub"]
[Black "Chmiel, Marcin"]
[Result "1/2-1/2"]
[WhiteElo "1598"]
[BlackElo "2028"]
[PlyCount "62"]
[EventDate "2013.??.??"]

1. e4 c5 2. Nf3 Nc6 3. d4 cxd4 4. Nxd4 g6 5. Nc3 Bg7 6. Be3 Nf6 7. Bc4 O-O 8.
O-O Nxe4 9. Bxf7+ Rxf7 10. Nxe4 Bxd4 11. Bxd4 d5 12. Ng3 e5 13. Be3 Be6 14. Qe2
Qh4 15. f3 Rc8 16. Bf2 Qf6 17. Rfe1 h5 18. h3 Rcf8 19. Bc5 Re8 20. Qd2 h4 21.
Nh1 e4 22. fxe4 dxe4 23. Rxe4 Rd8 24. Qe3 Bf5 25. Rf1 Qxb2 26. Rxh4 Qxc2 27.
Bxa7 Qxa2 28. Bb6 Qd2 29. Qb3 Re8 30. Rh8+ Kxh8 31. Qxf7 Qd7 1/2-1/2